00291nam a22000977a 4500082002100000100003200021245006000053260003100113300001000144650003900154 aPKP B3 P886\2017 aPrasad, D. Ravindra, et al  aAdministrative Thinkers cby D. Ravindra Prasad, et al  aNew DelhibSterling c2017 a310p. aPublic administration - Biography